Eficiência de sistemas de irrigação em mudas de espécies florestais nativas produzidas em tubetes (Registro n. 86433)
[ somente texto ]
| 000 -LÍDER | |
|---|---|
| fixed length control field | 05632nab a2200289 i 4500 |
| 003 - CÓDIGO MARC DA AGÊNCIA CATALOGADORA | |
| Campo de controle | BR-BrBNA |
| 005 - DATA E HORA DA ÚLTIMA ATUALIZAÇÃO | |
| Campo de controle | 20231009093152.0 |
| 008 - CAMPO DE TAMANHO FIXO | |
| fixed length control field | 231009b2016 bl.qr|pooa||| 00| 0 por | |
| 040 ## - FONTE DA CATALOGAÇÃO | |
| Agência catalogadora | BR-BrBNA |
| Idioma da catalogação | por |
| 072 ## - CATEGORIA AGRIS | |
| Código AGRIS | F06 |
| 100 ## - ENTRADA PRINCIPAL - NOME PESSOAL | |
| Nome pessoal | Thebaldi, Michael Silveira |
| 100 ## - ENTRADA PRINCIPAL - NOME PESSOAL | |
| Nome pessoal | Lima, Luiz Antonio |
| 100 ## - ENTRADA PRINCIPAL - NOME PESSOAL | |
| Nome pessoal | Silva, Antonio Carlos da |
| 100 ## - ENTRADA PRINCIPAL - NOME PESSOAL | |
| Nome pessoal | Colares, Matheus de Figueiredo Braga |
| 100 ## - ENTRADA PRINCIPAL - NOME PESSOAL | |
| Nome pessoal | Lima, Pedro Luiz Terra |
| 245 ## - TÍTULO PRINCIPAL | |
| Título principal | Eficiência de sistemas de irrigação em mudas de espécies florestais nativas produzidas em tubetes |
| 500 ## - NOTA GERAL | |
| Nota geral | Publicação on-line; 18 ref.; 9 tables; 3 illus.; Summaries (En, Pt) |
| 942 ## - ADDED ENTRY ELEMENTS (KOHA) | |
| Koha item type | |
| 520 ## - NOTA DE RESUMO | |
| Nota de conteúdo | <br/><br/>RESUMO<br/>A baixa qualidade de mudas pode advir de problemas na irrigação e/ou nutrição das mudas em sua fase<br/>de formação em viveiros. Em relação à irrigação, problemas podem surgir referentes à má distribuição da<br/>água ou mesmo seu manejo, levando ao deficit ou ao excesso de irrigação, enquanto o excesso pode lixiviar<br/>nutrientes, o deficit pode prejudicar o desenvolvimento da planta. Assim, o presente trabalho teve como<br/>objetivos avaliar a eficiência de irrigação de um sistema de irrigação por microaspersão já instalado em<br/>um viveiro de mudas de espécies florestais e também avaliar a eficiência de um sistema de subirrigação de<br/>mudas florestais nativas cultivadas em tubetes. A avaliação da eficiência da microaspersão foi realizada em<br/>um viveiro de mudas de espécies nativas florestais na cidade de Itutinga - MG, o delineamento utilizado foi<br/>o inteiramente casualizado (DIC) em esquema de parcelas subdivididas, estando o equipamento de irrigação<br/>na parcela (três níveis: MA-20, Rondo e Inverted Rotor Spray) e três espécies florestais na subparcela. Na<br/>avaliação de eficiência em tubetes de 300 cm³, as categorias da subparcela foram: araucária (Araucaria<br/>angustifolia (Bert.) O. Ktze.), jerivá (Syagrus romanzoffiana (Cham.) Glassman) e cutieira (Joannesia<br/>princeps Vell.). Em tubetes de 110 cm³ os três níveis da subparcela foram as espécies: mutamba (Guazuma<br/>ulmifolia Lam.), angico-vermelho (Anadenanthera macrocarpa Benth.) e peroba-rosa (Aspidosperma<br/>polyneuron Muell.). A avaliação da eficiência da subirrigação foi realizada em uma estufa localizada na<br/>Universidade Federal de Lavras, em dois tanques de subirrigação em três repetições. As maiores eficiências<br/>de aplicação foram obtidas para o emissor modelo MA-20. Não houve diferenças significativas entre a<br/>eficiência de aplicação dos microaspersores em relação às espécies estudadas, em ambos os tubetes. A<br/>eficiência de irrigação no tanque de tubetes de 300 cm³ foi 90,42%, enquanto para tubetes de 110 cm³ foi<br/>92,17%. Os tanques de subirrigação mostraram-se como alternativa interessante para irrigação de mudas<br/>das espécies florestais testadas, apresentando alta eficiência para os dois tamanhos de tubetes avaliados.<br/><br/>Palavras-chave: viveiro; subirrigação; microaspersão. |
| 520 ## - NOTA DE RESUMO | |
| Nota de conteúdo | <br/><br/>ABSTRACT<br/>Seedlings low quality can result due to problems in irrigation and/or nutrition of seedlings in their nursery<br/>phase. Regarding irrigation, problems can arise related to low uniformity of water application or its<br/>management, leading to lack or excess of water. While the excess can leach nutrients, the deficit can affect<br/>plant growth. Thus, this work had as objective to evaluate irrigation efficiency of a microsprinkler irrigation<br/>system at a forest native species nursery and also at sub-irrigation of forest native species being raised in<br/>recipient tubes The microsplinkler irrigation efficiency evaluation was performed in a native forest nursery at<br/>Itutinga - MG city, held in completely randomized design in split plots scheme, with the irrigation equipment<br/>on the plot (three levels: MA-20, Rondo and Inverted Rotor Spray) and three forest species on subplot. For<br/>efficiency evaluation in large tubes, the categories of subplot were: Araucaria angustifolia (Bert.) O. Ktze.,<br/>Syagrus romanzoffiana (Cham.) Glassman and Joannesia princeps Vell. In small tubes, the three levels of<br/>subplots were the species: Guazuma ulmifolia Lam., Anadenanthera macrocarpa Benth. and Aspidosperma<br/>polyneuron Muell. The sub-irrigation efficiency evaluation was conducted in a greenhouse located at UFLA,<br/>in two sub-irrigation tanks with three replications, through calculation of uniformity coefficients for each<br/>sub-irrigated species, done in three replications. The largest application efficiency was obtained for the MA20 emitter. There were no significant differences between the application efficiency of the emitters relative<br/>to the cultivated species, in both tube sizes. The efficiency in 300 cm³ tubes irrigation tank was 90.42%,<br/>while for 110 cm³ tubes it was 92.17%. Sub-irrigation tanks proved to be an interesting alternative for<br/>irrigation of the tested forest species seedlings, with high efficiency for both tubes sizes.<br/><br/>Keywords: nursery; sub-irrigation; microsplinkler. |
| 650 ## - ASSUNTO - THESAGRO | |
| Cabeçalho tópico ou nome geográfico | VIVEIRO FLORESTAL |
| 650 ## - ASSUNTO - THESAGRO | |
| Cabeçalho tópico ou nome geográfico | IRRIGAÇÃO SUBTERRÂNEA |
| 650 ## - ASSUNTO - THESAGRO | |
| Cabeçalho tópico ou nome geográfico | MICROASPERSÃO |
| 773 0# - ENTRADA ANALÍTICA | |
| Host Biblionumber | 4065 |
| Registro do item | 102038 |
| Imprenta | Santa Maria-RS Universidade Federal de Santa Maria - Centro de Pesquisas Florestais.Departamento de Ciências Florestais. Programa de Pós-Graduação em Engenharia Florestal 1991 |
| Outro identificador | 2023-436444 |
| Título | Ciência Florestal (Brazil) |
| ISSN | 0103-9954; 1980-5098 (on-line) |
| Colação | v. 26(2) p. 401-410; (Apr-Jun 2016) |
| Número de controle de registro | BR2023001185 |
| 856 ## - ACESSO E ENDEREÇO ELETRÔNICO | |
| Identificador uniforme de recurso - URI | https://www.scielo.br/j/cflo/a/YqypRYkZKgMncNXF9QsY4HG/?format=pdf&lang=pt |
Nenhum exemplar disponível.

BINAGRI